| 000 | 00536nam a2200181 a 4500 | ||
|---|---|---|---|
| 001 | 3538 | ||
| 003 | CDMR | ||
| 005 | 20131001102748.0 | ||
| 008 | 130130s1961||||||||||||||||||||||||||||d | ||
| 040 |
_aCDMR _bcat _cCDMR |
||
| 100 | 1 |
_aCassirer, Henry _92534 |
|
| 245 | 1 | 0 |
_aTelevisión y enseñanza _cHenry R. Cassirer |
| 260 |
_aBuenos Aires _c1961 _bSolar/Hachette |
||
| 490 | 0 | _aDimensión de los problemas | |
| 650 | 0 | 4 |
_93081 _aMitjans de comunicació de massa i educació |
| 650 | 0 | 4 |
_92782 _aTelevisió en l'ensenyament |
| 942 |
_cMON _2udc |
||
| 999 |
_c3538 _d3538 |
||